000 00471nam a2200181Ia 4500
001 21941
003 GE_BSU
008 181216s||||||||xx |||||||||||||| ||und||
040 _cGE_BSU
245 _aგადასახადები #3. 2018
260 _aМосква
260 _c2018
300 _acd
653 _acd
653 _aგადასახადები #3. 2018
653 _aელექტრონული ჟურნალი
942 _cCF
999 _c54872
_d54872